| 000 | 00000cas 2200000zi 4500 |
| 001 | 9.897325 |
| 003 | CaOODSP |
| 005 | 20260515133451 |
| 006 | m o d f |
| 007 | cr cn||||||||| |
| 008 | 210309c20219999oncmr pso f0###b0fre|d |
| 022 | |a2817-0261 |
| 040 | |aCaOODSP|bfre|erda|cCaOODSP |
| 043 | |an-cn-bc|an-cn-nt |
| 086 | 1 |aD16-3F-PDF|zFs152-9F-PDF |
| 130 | 0 |aAvis aux navigateurs (Garde côtière canadienne. Édition mensuelle de l'Ouest) |
| 222 | 0|aAvis aux navigateurs |b(Éd. mensuelle de l'Ouest) |
| 245 | 10|aAvis aux navigateurs. |pÉdition mensuelle de l'Ouest. |
| 264 | 1|a[Ottawa] : |bPêches et Océans Canada, Garde côtière canadienne = Fisheries and Oceans Canada, Canadian Coast Guard, |c2021- |
| 310 | |aMensuel |
| 336 | |atexte|btxt|2rdacontent/fre |
| 337 | |ainformatique|bc|2rdamedia/fre |
| 338 | |aressource en ligne|bcr|2rdacarrier/fre |
| 362 | 1 |aParaît depuis : Édition 1, 29 janvier 2021. |
| 500 | |aPublié aussi en anglais sous le titre : Notices to mariners. Western monthly edition. |
| 500 | |aDisponible aussi en format HTML. |
| 588 | |aDescription d'après : Édition 1, 29 janvier 2021. |
| 588 | |aDernière livraison consultée : Édition 2, 26 février 2021. |
| 650 | 6|aAvis aux navigateurs|zColombie-Britannique|zPacifique, Côte du|vPériodiques. |
| 650 | 6|aAvis aux navigateurs|zCanada (Nord)|vPériodiques. |
| 655 | 7|aPériodiques|2rvmgf |
| 710 | 2 |aGarde côtière canadienne, |eorganisme de publication. |
| 710 | 1 |aCanada. |bMinistère des pêches et des océans. |
| 775 | 08|tNotices to mariners. |w(CaOODSP)9.897326 |
| 780 | 00|tPublication des avis aux navigateurs. |w(CaOODSP)9.501502 |
| 856 | 4 |qHTML|sS.O.|uhttps://www.notmar.gc.ca/monthly-mensuel-fr.php |